000 00694am a2200277a 44500
003 AR-BaBNM
005 20251128211152.0
008 073020s1970 #AR|||||||||||000 | esp||
040 _cAR-BaBNM
100 1 _aDumas, Alexandre
245 1 0 _aLos tres mosqueteros
250 _a1ยช ed.
260 _aBarcelona
_bBruguera
_c1970
300 _a893 p.
490 0 _aMillonarios del libro
650 4 _aLITERATURA POPULAR
650 4 _aLITERATURA FRANCESA
650 4 _aESCRITORES
650 4 _aSIGLO DIECINUEVE
653 _aNOVELA DE AVENTURAS
653 _aNOVELA HISTORICA
655 _aLITERATURA
700 1 _aFerrer, Alejandro
_etraductor
942 _cBK
998 _cmartin
999 _c18553
_d18553